000 00354 a2200169 4500
001 161469
020 _a85-322-1977-2
040 _cMagnum
100 _aGaldino, Luiz
240 1 0 _aÓrfãos do silêncio
_lpor
245 1 0 _aÓrfãos do silêncio
300 _a94
362 0 _a1996
440 1 _aFTD
697 _aLITERATURA JUVENIL
942 _cBK
999 _c161469
_d161469